000 00625nam a22002057a 4500
003 OSt
005 20260302072359.0
008 260212b |||||||| |||| 00| 0 eng d
020 _a9780071260299
040 _aDWCL-Main Lib
_cOC
082 _aCirc. 621.381 G446 2006
100 _aGiblison, Stan
245 _aTeach yourself : electricity and electronics
260 _aNew York :
_bMcGraw-Hill,
_cc2006
300 _avii, 699 pages :
_b illustrations ;
_c23 cm.
504 _a1. Includes index.
650 _aElectronic circuits.
650 _aElectronic engineering.
942 _2ddc
_cBK-CIRC
_eFourth edition.
_mCirc.
_n0
999 _c8358
_d8358